Statistics for Köln Best Scorer By Year

Click here to take the quiz!

General Stats

  • This quiz has been taken 145 times
    (43 since last reset)
  • The average score is 6 of 26

Answer Stats

Player% Correct
Anthony Modeste
97%
Lukas Podolski
78%
Milivoje Novaković
50%
Ellyes Skhiri
47%
Jhon Córdoba
47%
Christian Müller
41%
Dieter Müller
41%
Simon Terodde
38%
Pierre Littbarski
34%
Toni Polster
31%
Hannes Löhr
25%
Anthony Ujah
19%
Dirk Lottner
16%
Klaus Allofs
16%
Ondrej Duda
16%
Thomas Allofs
16%
Maurice Banach
9%
Karl-Heinz Thielen
6%
Leonardo Bittencourt
6%
Bernd Rupp
3%
Falko Götz
3%
Frank Ordenewitz
3%
Herbert Zimmermann
3%
Tony Woodcock
3%
Carl-Heinz Rühl
0%
Flemming Povlsen
0%

Score Distribution

Percentile by Number Answered

Percent of People with Each Score

Your Score History

You have not taken this quiz since the last reset